| 000 | 01745cam a22003855a 4500 | ||
|---|---|---|---|
| 001 | 15725283 | ||
| 005 | 20090602192443.0 | ||
| 008 | 090505s2007 txua b 001 0 eng d | ||
| 010 | _a 2009277435 | ||
| 020 | _a9781597180245 (v. 1) | ||
| 020 | _a9781597180252 (v. 2) | ||
| 020 | _a9781597180269 (v. 3) | ||
| 035 | _a(OCoLC)ocn155855174 | ||
| 040 |
_aMYG _cMYG _dNLGGC _dMUQ _dCUY _dBTCTA _dYDXCP _dDLC |
||
| 042 | _alccopycat | ||
| 082 |
_222 _a001.4226 _bSTA |
||
| 245 | 0 | 0 | _aStata Base Reference Manual. |
| 260 |
_aCollege Station, TX : _bStata Corporation, _cc2007. |
||
| 300 |
_a3 v. : _bill. ; _c24 cm. |
||
| 500 | _aDonation | ||
| 504 | _aIncludes bibliographical references and indexes. | ||
| 505 | 0 | _a v. 2. I-P -- v. 3. Q-Z. | |
| 630 | 0 | 0 |
_aStata. _99569 |
| 630 | 0 | 6 |
_aStata (Logiciel) _vGuides, manuels, etc. _99570 |
| 650 | 0 |
_aStatistics _xComputer programs. _99571 |
|
| 650 | 0 |
_aStatistics _xGraphic methods _xComputer programs. _99572 |
|
| 650 | 0 |
_aSocial sciences _xStatistical methods _xComputer programs. _99573 |
|
| 650 | 0 |
_aSocial sciences _xStatistics _xComputer programs. _99574 |
|
| 710 | 2 |
_aStata Corporation. _99575 |
|
| 942 | _2c | ||
| 999 |
_c12965 _d12965 |
||